00832nam a22002297a 45000050016000000100014000160200033000300350013000630370013000760820012000891000029001012450063001302600047001932700046002403000032002864900074003185000019003927000009004119420026004209990017004469520139004632010072205365.0 aENG-97357 c1100.00a9788184501490 (v.2) aEN-80890 bDBAD/PUB a370.954 aMohanty, Jagannath93459 aEducational trends and innovations /cby Jagannath Mohanty aNew DelhibDeep & Deep Publications c2009 aF-159, Rajouri Garden,bNew Delhie110002 av.2 (xiv, 275p.)c23cm (Hb) aEncyclopaedia of education, culture and children's literature-293460 aIncludes index 92609 2ddccENmMOHh370.954 c38255d38255 001040718NFICaDBADbDBADd2010-07-30eDBAD/PUBg1100.00l0o370.954 MOHpEN-80890r2010-07-30 00:00:00t1v1100.00w2010-07-30yEN